000 01149nam a22002777a 4500
003 PE SENCICO BE
005 20251020182652.0
008 240206b |||||||| |||| 00| 0 eng d
040 _aPE SENCICO BE
_cPE SENCICO BE
041 _aspa
084 _aI
_aDIS
_a2017
_bA45
100 1 _91941
_aAlway Rodríguez, Wínner Lucero
_eautor
245 1 _aElementos visuales del diseño en hotel boutique en Máncora /
_cWínner Lucero Alway Rodríguez
260 _aLima :
_c2017
300 _a49 h. :
_bil. col. ;
_c30 cm.
500 _aTexto en dos volúmenes. El volumen 2 contiene planos (40 x 60 cm.)
502 _aMonografía de Titulación.-- Servicio Nacional de Capacitación para la Industria de la Construcción. Escuela Superior Técnica. Carrera Profesional Técnica en Diseño de Interiores, 2017
650 1 0 _944
_aDiseño de interiores
650 2 0 _9460
_aComunicación visual
650 2 0 _91806
_aHoteles
650 2 0 _9882
_aBoutiques
650 2 0 _9615
_aPlanos
710 1 _aServicio Nacional de Capacitación para la Industria de la Construcción.
_bEscuela Superior Técnica
_91065
910 _bhfp
_chfp
942 _cMON
_2ddc
999 _c4555
_d4555